[Event "Bandarabbas Blitz"]
[Site "Bandarabbas"]
[Date "2016.01.29"]
[Round "2.1"]
[White "Alizadeh, Benyamin"]
[Black "Toufighi, Homayoon"]
[Result "1-0"]
[WhiteElo "1722"]
[BlackElo "2435"]
[PlyCount "83"]
[EventDate "2015.12.31"]
[EventType "swiss (blitz)"]
[EventRounds "9"]
[EventCountry "IRI"]
[SourceTitle "EXT 2024"]
[Source "ChessBase"]
[SourceDate "2023.10.10"]
[SourceVersion "1"]
[SourceVersionDate "2023.10.10"]
[SourceQuality "1"]

1. e4 e6 2. d4 d5 3. Nd2 Nf6 4. e5 Nfd7 5. Bd3 c5 6. c3 Nc6 7. Ne2 cxd4 8. cxd4 Qb6 9. Nf3 f6 10. exf6 Bb4+ 11. Bd2 Bxd2+ 12. Qxd2 Nxf6 13. 0-0 0-0 14. Rac1 Bd7 15. Bb1 Rae8 16. h3 e5 17. dxe5 Nxe5 18. Nxe5 Rxe5 19. Nd4 Ne4 20. Bxe4 dxe4 21. Nb3 Bb5 22. Rfd1 Ref5 23. Kh1 Rxf2 24. Qd5+ Kh8 25. Nd4 Bd3 26. Ne6 Re8 27. Qd7 Rg8 28. Rc8 Qxe6 29. Qxe6 Rff8 30. Rxf8 Rxf8 31. Kh2 h6 32. Rc1 Kh7 33. Rc8 Rf2 34. Kg3 Rf1 35. Qg8+ Kg6 36. Rc7 Rf6 37. Qxg7+ Kf5 38. Rc5+ Ke6 39. Qg8+ Kd6 40. Qd5+ Ke7 41. Rc7+ Kf8 42. Qd8# 1-0